Big and Populated Quiz Stats

 Plays Quiz Updated Dec 9, 2014

Score 0/13 Timer 03:00
32 Plays Today
Pop. Ranking Country % Correct
1China
99.5%
3United States
99.2%
9Russia
97.7%
2India
95.8%
5Brazil
92.9%
11Mexico
86.5%
26South Africa
69.6%
4Indonesia
64%
15Egypt
63.2%
19Dem. Rep. of the Congo
52.9%
18Iran
48.1%
13Ethiopia
30.6%
28Colombia
29.5%

You're not logged in!

Compare scores with friends on all Sporcle quizzes.
OR
Log In

Sporcle TV

Today on Sporcle TV


Watch our educational content, quiz creation guides, and fun videos on Sporcle TV.

Show Comments

Extras

Top Quizzes Today


Score Distribution

Your Account Isn't Verified!

In order to create a playlist on Sporcle, you need to verify the email address you used during registration. Go to your Sporcle Settings to finish the process.

Report this User

Report this user for behavior that violates our Community Guidelines.

Details: